| 000 | 00772 a2200241 4500 | ||
|---|---|---|---|
| 003 | OSt | ||
| 005 | 20180116192347.0 | ||
| 008 | 120531t xxu||||| |||| 00| 0 eng d | ||
| 010 | _a 97080091 | ||
| 020 | _a0764303422 | ||
| 020 | _a9780764303425 | ||
| 040 | _c0 | ||
| 082 | 0 | 4 | _a677.02864 |
| 100 | 1 |
_aShih, Joy. _92841 |
|
| 245 | 1 | 0 |
_aCool hot colors : _bfabrics of the late 1960s / _cJoy Shih. |
| 260 |
_aAtglen, PA : _bSchiffer Pub., _cc1997. |
||
| 300 |
_a112 p. : _bchiefly col. ill. ; _c22 x 28 cm. |
||
| 440 | 2 |
_aA Schiffer design book _92842 |
|
| 650 | 1 | 0 |
_aTextile fabrics _xHistory _y20th century _xDesign. _92843 |
| 650 | 1 | 0 |
_aColor in design. _92844 |
| 942 |
_aSADA _cBK _k677.02864 SHI 1997 _2ddc |
||
| 999 |
_c352799 _d352799 |
||